| 000 | 00389nam a2200145Ia 4500 | ||
|---|---|---|---|
| 008 | 210210b1983 xxu||||| |||| 00| 0 eng d | ||
| 020 | _a0 7069 1209 8 | ||
| 082 | _a364 RAOC | ||
| 100 | _aRAO (Venugopal S). | ||
| 245 | _aCrime in our society a political perspective. | ||
| 260 |
_aND _bVikas publishing house ltd., _c1983 |
||
| 300 | _a153 | ||
| 690 | _aSocial Problems | ||
| 906 | _a037714 | ||
| 999 |
_c88224 _d88224 |
||